000 00329nam a2200133Ia 4500
005 20260328101517.0
008 260328s9999||||xx |||||||||||||| ||und||
100 _aD'Amico, Victor
245 0 _aArt for the family /
_cVictor D'Amico
260 _bThe Museum of Modern Art
300 _a110 p.
650 _aHISTORIA
942 _cBK
999 _c9418
_d9418